Statistiques concernant Pays Reliés

Cliquez ici pour prendre le quiz!

Statistiques générales

  • Ce quiz a été pris 244 fois
    (218 depuis la dernière actualisation)
  • Le résultat moyen est 20 sur 24

Statistiques - réponses

Quel pays sépare...Réponse% Correct
France - ? - AutricheSuisse
100%
Andorre - ? - PortugalEspagne
99%
Suède - ? - RussieFinlande
99%
Viet-Nam - ? - KazakhstanChine
94%
Chili - ? - EquateurPérou
94%
Mongolie - ? - UkraineRussie
94%
Estonie - ? - BiélorussieLettonie
93%
Ukraine - ? - BulgarieRoumanie
92%
Surinam - ? - VenezuelaGuyana
91%
Afghanistan - ? - IndePakistan
91%
Maroc - ? - TunisieAlgérie
90%
Italie - ? - CroatieSlovénie
90%
Argentine - ? - ColombieBresil
86%
Singapour - ? - ThaïlandeMalaisie
86%
Panama - ? - NicaraguaCosta Rica
85%
Israël - ? - IrakJordanie
85%
Salvador - ? - MexiqueGuatemala
84%
Kirghizistan - ? - TurkménistanOuzbékistan
81%
Libye - ? - CentrafriqueTchad
78%
Djibouti - ? - SoudanErythree
76%
Somalie - ? - TanzanieKenya
75%
Namibie - ? - MozambiqueAfrique du Sud
68%
Palaos - ? - Iles Marshall (maritime)Micronésie
56%
Vanuatu - ? - Papouasie Nouvelle-Guinée (maritime)Iles Salomon
51%

Distribution des résultats

Percentile par nombre de réponses

% des personnes avec chaque résultat

Votre développement - résultats

Vous n’avez pas pris ce quiz depuis la dernière actualisation